| 000 | 00805cam a22002891 4500 | ||
|---|---|---|---|
| 001 | 9809773 | ||
| 003 | OSt | ||
| 005 | 20211102105713.0 | ||
| 008 | 781106s1956 enka 001 0 eng | ||
| 010 | _a 57000863 | ||
| 015 | _aGB56-11537 | ||
| 020 | _a9788131729656 | ||
| 035 | _a(OCoLC)4350781 | ||
| 038 | _akhadija | ||
| 040 |
_aDLC _cNbU _dUk _dDLC |
||
| 042 | _apremarc | ||
| 050 | 0 | 0 |
_aTJ145 _b.B48 2010 |
| 082 |
_a621.81 _bBEV |
||
| 100 | 1 |
_aBevan, Thomas. _941936 |
|
| 245 | 1 | 4 |
_aThe Theory of Machines : _bA Text-book for Engineering Students / _cBevan Thomas |
| 260 |
_aLondon, _aNew York, _bLongmans, Green _c[1956] |
||
| 300 |
_a621 p. _billus. _c23 cm. |
||
| 563 | _aPB | ||
| 650 | 0 | _aMechanical engineering. | |
| 906 |
_a7 _bcbc _coclcrpl _du _encip _f19 _gy-gencatlg |
||
| 942 |
_2ddc _cBK |
||
| 999 |
_c32292 _d32292 |
||